[Event "Pfalz op-B 10th"]
[Site "Neustadt an der Weinstrasse"]
[Date "2019.03.03"]
[Round "5"]
[White "Marhoefer, Daniel"]
[Black "Ensslinger, Colin"]
[Result "1-0"]
[WhiteElo "1799"]
[BlackElo "1630"]
[PlyCount "27"]
[EventDate "2019.03.01"]
[EventType "swiss"]
[EventRounds "7"]
[EventCountry "GER"]
[SourceTitle "CBM 189 Extra"]
[Source "ChessBase"]
[SourceDate "2019.06.03"]
[SourceVersion "1"]
[SourceVersionDate "2019.06.03"]
[SourceQuality "1"]

1. e4 c5 2. Nf3 Nc6 3. d4 cxd4 4. Nxd4 Nf6 5. Nc3 g6 6. Bc4 Bg7 7. Be3 d6 8. Qd2 0-0 9. f3 a6 10. 0-0-0 Qc7 11. Bb3 b5 12. Nxc6 Qxc6 13. Nd5 Bb7 14. Nxe7+ 1-0

[Event "Reykjavik op"]
[Site "Reykjavik"]
[Date "2017.04.21"]
[Round "4"]
[White "Marhoefer, Daniel"]
[Black "Tummasarson, Flovin M"]
[Result "1-0"]
[WhiteElo "1714"]
[BlackElo "1224"]
[PlyCount "39"]
[EventDate "2017.04.19"]
[EventType "swiss"]
[EventRounds "10"]
[EventCountry "ISL"]
[SourceTitle "CBM 178 Extra"]
[Source "ChessBase"]
[SourceDate "2017.06.22"]
[SourceVersion "1"]
[SourceVersionDate "2017.06.22"]
[SourceQuality "1"]

1. e4 e5 2. Nf3 Nc6 3. Bc4 Bc5 4. c3 Nf6 5. d4 exd4 6. cxd4 Bb6 7. e5 Ne4 8. 0-0 d5 9. exd6 Nxd6 10. Re1+ Ne7 11. Bb3 Bg4 12. Bg5 f6 13. Bh4 Bxf3 14. Qxf3 Bxd4 15. Nc3 Be5 16. Bg3 Nc6 17. Qg4 Qd7 18. Be6 Qe7 19. Nd5 Qd8 20. Qxg7 1-0

[Event "Pfalz-ch HT3 86th"]
[Site "Wolfstein"]
[Date "2017.04.09"]
[Round "4"]
[White "Marhoefer, Daniel"]
[Black "Knoeringer, Klaus"]
[Result "1/2-1/2"]
[WhiteElo "1714"]
[BlackElo "1933"]
[PlyCount "86"]
[EventDate "2017.04.07"]
[EventType "swiss"]
[EventRounds "7"]
[EventCountry "GER"]
[SourceTitle "EXT 2018"]
[Source "ChessBase"]
[SourceDate "2017.10.13"]
[SourceVersion "1"]
[SourceVersionDate "2017.10.13"]
[SourceQuality "1"]

1. e4 e6 2. d4 d5 3. Nd2 dxe4 4. Nxe4 Nf6 5. Bd3 Be7 6. Nf3 Nbd7 7. 0-0 0-0 8. Bf4 Nxe4 9. Bxe4 Nf6 10. Bd3 Bd7 11. c3 c5 12. Qe2 cxd4 13. Nxd4 Qa5 14. a3 Rac8 15. Rfe1 Rfd8 16. c4 Qb6 17. Nb5 Bxb5 18. cxb5 Bc5 19. Be3 Bxe3 20. Qxe3 Qxe3 21. Rxe3 Rd4 22. Rd1 Rcd8 23. Kf1 g6 24. Ke1 R8d5 25. Be2 Rxd1+ 26. Bxd1 Rxb5 27. b3 Nd5 28. Rd3 Nf4 29. Rd8+ Kg7 30. g3 Nd5 31. Rd7 Nc3 32. Bc2 a5 33. Kd2 Rd5+ 34. Rxd5 Nxd5 35. Kd3 Kf6 36. Kd4 b6 37. Be4 Nc7 38. Bd3 Ke7 39. a4 Kd6 40. Bc4 e5+ 41. Kd3 Ne6 42. h4 f5 43. Kc3 Nc5 1/2-1/2

[Event "Rheinland Pfalz op 5th"]
[Site "Worms"]
[Date "2013.05.31"]
[Round "4"]
[White "Burg, Niclas"]
[Black "Marhoefer, Daniel"]
[Result "1-0"]
[WhiteElo "1688"]
[BlackElo "1397"]
[PlyCount "53"]
[EventDate "2013.05.30"]
[EventType "swiss"]
[EventRounds "7"]
[EventCountry "GER"]
[SourceTitle "EXT 2014"]
[Source "ChessBase"]
[SourceDate "2013.11.20"]
[SourceVersion "1"]
[SourceVersionDate "2013.11.20"]
[SourceQuality "1"]

1. e4 e5 2. Nf3 Nc6 3. Bb5 a6 4. Bxc6 dxc6 5. 0-0 Bg4 6. h3 Bh5 7. d3 Bd6 8. Be3 Qd7 9. d4 0-0-0 10. dxe5 Bxf3 11. Qxf3 Bxe5 12. Nc3 Bxc3 13. bxc3 f6 14. Rfd1 Qe8 15. Rxd8+ Qxd8 16. Rd1 Qf8 17. Qg4+ Kb8 18. Qxg7 Ne7 19. Bh6 Qe8 20. Qxf6 Ng6 21. Bg5 Qxe4 22. Rd8+ Rxd8 23. Qxd8+ Ka7 24. Be3+ b6 25. Qxc7+ Ka8 26. Bxb6 Qe7 27. Qc8# 1-0

[Event "Rheinland Pfalz op 5th"]
[Site "Worms"]
[Date "2013.05.31"]
[Round "3"]
[White "Marhoefer, Daniel"]
[Black "Becker, Simon"]
[Result "1-0"]
[WhiteElo "1397"]
[BlackElo "888"]
[PlyCount "93"]
[EventDate "2013.05.30"]
[EventType "swiss"]
[EventRounds "7"]
[EventCountry "GER"]
[SourceTitle "EXT 2014"]
[Source "ChessBase"]
[SourceDate "2013.11.20"]
[SourceVersion "1"]
[SourceVersionDate "2013.11.20"]
[SourceQuality "1"]

1. e4 e6 2. d4 d5 3. Nc3 c5 4. Be3 Nc6 5. Nf3 c4 6. Be2 Nf6 7. e5 Ne4 8. Nxe4 dxe4 9. Ng5 Be7 10. Nxe4 0-0 11. Bxc4 a6 12. 0-0 b5 13. Be2 Bb7 14. Ng3 Bg5 15. Bxg5 Qxg5 16. Bf3 Qd8 17. c3 Rc8 18. Ne4 Ba8 19. Nd6 Rb8 20. Bxc6 Bxc6 21. Qg4 f5 22. Qg3 f4 23. Qg4 g6 24. Qxe6+ Kh8 25. Nf7+ Rxf7 26. Qxf7 Qg5 27. Qf6+ Qxf6 28. exf6 Kg8 29. Rfe1 Kf8 30. Re7 a5 31. Rae1 Rd8 32. Rxh7 Kg8 33. Rhe7 Kf8 34. R1e6 Rc8 35. Rd6 b4 36. c4 a4 37. f3 a3 38. b3 g5 39. h3 Ra8 40. Rxc6 Rd8 41. d5 Kg8 42. d6 Kf8 43. d7 Kg8 44. Re8+ Rxe8 45. dxe8Q+ Kh7 46. Qh5+ Kg8 47. Rc8# 1-0